Micro-finance, women's empowerment and fertility decline in Bangladesh: how important was women's agency? (Record no. 114307)

000 -LEADER
fixed length control field 00540pab a2200181 454500
008 - FIXED-LENGTH DATA ELEMENTS--GENERAL INFORMATION
fixed length control field 180718b2017 xxu||||| |||| 00| 0 eng d
100 ## - MAIN ENTRY--PERSONAL NAME
Personal name Duvendack, Maren
245 ## - TITLE STATEMENT
Title Micro-finance, women's empowerment and fertility decline in Bangladesh: how important was women's agency?
260 ## - PUBLICATION, DISTRIBUTION, ETC.
Date of publication, distribution, etc. 2017
300 ## - PHYSICAL DESCRIPTION
Extent p.664-683.
362 ## - DATES OF PUBLICATION AND/OR SEQUENTIAL DESIGNATION
Dates of publication and/or sequential designation May
650 ## - SUBJECT ADDED ENTRY--TOPICAL TERM
Topical term or geographic name entry element Fertility - Bangaladesh
650 ## - SUBJECT ADDED ENTRY--TOPICAL TERM
Topical term or geographic name entry element Women - Bangaladesh
650 ## - SUBJECT ADDED ENTRY--TOPICAL TERM
Topical term or geographic name entry element Women
700 ## - ADDED ENTRY--PERSONAL NAME
Personal name Palmer-Jones, Richard
773 ## - HOST ITEM ENTRY
Main entry heading Journal of Development Studies
909 ## -
-- 114313
Holdings
Withdrawn status Lost status Damaged status Not for loan Permanent Location Current Location Date acquired Serial Enumeration / chronology Barcode Date last seen Price effective from Koha item type
        Indian Institute of Public Administration Indian Institute of Public Administration 2018-07-19 Volume no: 53, Issue no: 5 AR114773 2018-07-19 2018-07-19 Articles

Powered by Koha